00735nam a22001937a 4500003000900000008004100009040007100050082001700121100002100138245005800159260003700217300002800254505017700282650001300459650001200472650001400484650002700498650001600525AR-CdUCM190305b ||||| |||| 00| 0 spa d aMUNICIPALIDAD PROVINCIAL DEL CUSCOcBIBLIOTECA MUNICIPAL DEL CUSCO a325.7 /bD98 aDuran Abarca, W. aLa autodeterminación de las colonias en América : aLima :bEditorial Thesis,c1966. a101 Páginas ;c20 cm. aContenido: Aspecto histórico y carácter del sistema colonial. Concepto general de colonia. Tipos de colonia -- Crisis y revolución en el colonialismo en América...  aHistoria aColonia aAmérica aRevolución americana aSoberanía